000 00425nam a2200157Ia 4500
008 230917s9999||||xx |||||||||||||| ||und||
040 _e51330
_aMAIN
041 _aEnglish
082 _a412 C214M
100 _aCarnap, Rudolf
245 0 _aMeaning and necessity: a study in semantics and modal logic
250 _a2nd ed.
260 _aLondon
_bUniversity of Chicago Press
_c1958
300 _aviii, 258 p.
942 _cBK
999 _c216979
_d216979